1823 1326 1830 1420 1180 1272 1505 1750 1573 1310 1570 1052 1414 1119 1369 1187 1313 1169 1234 1479 1471 1418 1015 1104 1997 1420 1769 1009 1650 1471 1162 1210 1173 1619 1969 1822 1850 1416 1407 1453 1936 1971 1345 1886 1108 1014 1015 1747 1604 1596 1464 1011 1657 1178 1948 1468 1505 1587 1419 1846 1829 1799 1084 1033 1911 1261 1045 1688 1700 1768 1497 1530 1675 1853 1589 1622 1559 1263 1966 1332 1925 1250 1866 1673 1804 1212 1677 1304 1860 1446 1856 1867 1488 1058 1426 1329 1985 1321 1517 BCNSPRNW ULIB Ver.6.0+V

เปลี่ยนเป็นภาษาไทย

Change to English
 แสดงรายละเอียดบรรณานุกรม
  กลับหน้าหลัก

Brief Record : Get Marc (ISO 2709) : E-mail record : QR code < ปิดหน้าต่าง
LEADER : 00000nam 2200000uu 4500
001    13399114430
003     ULIB
008    110627s||||||||th 000 0 tha d
020    9747053756
098    นว.^bม162ม
100 0  มนันยา
245 00 ไม่เด็ดก็ไม่ขาด/^cมนันยา
250    พิมพ์ครั้งที่ 5
260    กรุงเทพฯ :^bสามสี,^c2540
300    255 หน้า
710 1  สามสี
945    ^p90^l0^i031540
995    ทศพร
999 ^a ใช้งานได้ทุกระบบ
รายการนี้ยังไม่มีแท็ก
คุณยังไม่ได้ล็อกอิน คุณสามารถมีกิจกรรมร่วมกับเว็บไซต์ได้ แต่ต้องล็อกอินก่อน ::
  ล็อกอิน

รายการสื่อสารสนเทศ

ลำดับที่ ประเภท เลขเรียก/บาร์โค้ด สถานที่ สถานะ
1. นวนิยาย
นวนิยาย
 ฉ.1 
  Barcode: 031540
ห้องสมุดวิทยาเขตสวรรค์ประชารักษ์
►นวนิยาย
บนชั้น
  ขอยืม

รายการใกล้เคียง
    ผู้แต่ง [มนันยา]

BibComment


ยังไม่เคยถูกคอมเมนท์

คอมเมนท์ทรัพยากรรายการนี้
  คอมเมนท์: ไม่เด็ดก็ไม่ขาด ม..


 Copyright 2026. Bcnsprnw @Library